Konflik antarkomunitas etnis di Sambas, 1999 : (رقم التسجيلة. 137338)

تفاصيل مارك
000 -LEADER
fixed length control field 01096cam a22002897a 4500
008 - FIXED-LENGTH DATA ELEMENTS--GENERAL INFORMATION
fixed length control field 050323s2003 io ab b 000 0 ind
010 ## - LIBRARY OF CONGRESS CONTROL NUMBER
LC control number 2003535877
020 ## - INTERNATIONAL STANDARD BOOK NUMBER
International Standard Book Number 9799632471
040 ## - CATALOGING SOURCE
Original cataloging agency DLC
Transcribing agency DLC
Modifying agency DLC
092 04 - LOCALLY ASSIGNED DEWEY CALL NUMBER (OCLC)
Classification number 305.809598
Item number P9869
Edition number 21
099 ## - LOCAL FREE-TEXT CALL NUMBER (OCLC)
Classification number 04
-- 305.809598 P9869
100 1# - MAIN ENTRY--PERSONAL NAME
Personal name Purwana, Bambang Hendarta Suta,
Dates associated with a name 1961-
245 10 - TITLE STATEMENT
Title Konflik antarkomunitas etnis di Sambas, 1999 :
Remainder of title suatu tinjauan sosial budaya /
Statement of responsibility, etc. Bambang Hendarta Suta Purwana ; pengantar, William Chang.
250 ## - EDITION STATEMENT
Edition statement Cet. 1.
260 ## - PUBLICATION, DISTRIBUTION, ETC.
Place of publication, distribution, etc. Pontianak :
Name of publisher, distributor, etc. Romeo Grafika,
Date of publication, distribution, etc. 2003.
300 ## - PHYSICAL DESCRIPTION
Extent xvi, 236 p. :
Other physical details ill., map ;
Dimensions 22 cm.
504 ## - BIBLIOGRAPHY, ETC. NOTE
Bibliography, etc. note Includes bibliographical references (p. 225-235).
520 ## - SUMMARY, ETC.
Summary, etc. Sociocultural aspects of ethnic conflict in Sambas, 1999.
650 #0 - SUBJECT ADDED ENTRY--TOPICAL TERM
Topical term or geographic name entry element Ethnic conflict
General subdivision Indonesia
Geographic subdivision Sambas (Kabupaten).
650 #0 - SUBJECT ADDED ENTRY--TOPICAL TERM
Topical term or geographic name entry element Violence
Geographic subdivision Indonesia
-- Sambas (Kabupaten)
653 0# - INDEX TERM--UNCONTROLLED
Uncontrolled term Ethnic conflict;
-- Indonesia;
-- Sambas
902 ## - LOCAL DATA ELEMENT B, LDB (RLIN)
No. of Items 1
905 ## - LOCAL DATA ELEMENT E, LDE (RLIN)
Cataloger Eman
Reviser Rev.
905 ## - LOCAL DATA ELEMENT E, LDE (RLIN)
Cataloger Jamal
Reviser Cat.
942 ## - ADDED ENTRY ELEMENTS (KOHA)
Source of classification or shelving scheme Dewey Decimal Classification
Koha item type Books
المقتنيات
Source of classification or shelving scheme Not for loan Home library Current library Date acquired Full call number Barcode Date last seen Copy number Koha item type
Dewey Decimal Classification   المكتبة المركزبة الجديدة - جامعة القاهرة قاعة الثقاقات الاجنبية - الدور الثالث 11.02.2024 305.809598 P9869 Ind. 01000110199564000 05.07.2024 C.1 Books
Cairo University Libraries Portal Implemented & Customized by: Eng. M. Mohamady Contacts: new-lib@cl.cu.edu.eg | cnul@cl.cu.edu.eg
CUCL logo CNUL logo
© All rights reserved — Cairo University Libraries
CUCL logo
Implemented & Customized by: Eng. M. Mohamady Contact: new-lib@cl.cu.edu.eg © All rights reserved — New Central Library
CNUL logo
Implemented & Customized by: Eng. M. Mohamady Contact: cnul@cl.cu.edu.eg © All rights reserved — Cairo National University Library